| 000 | 01264pam a2200325 a 4500 | ||
|---|---|---|---|
| 001 | 1507147 | ||
| 005 | 20210414113950.0 | ||
| 008 | 890111s1989 njua b 001 0 eng | ||
| 010 | _a 89003464 | ||
| 020 |
_a013464901X : _c$22.50 |
||
| 040 |
_aDLC _cDLC _dDLC |
||
| 050 | 0 | 0 | _aHF5548.2.P269 |
| 082 | 0 | 0 |
_a658.4/038 _219 |
| 100 | 1 | _aParker, Marilyn M. | |
| 245 | 1 | 0 |
_aInformation strategy and economics :linking information systems strategy to business performance. / _cMarilyn M. Parker, H. Edgar Trainor with Robert J. Benson. |
| 260 |
_aEnglewood Cliffs, N.J. : _bPrentice Hall, _cc1989. |
||
| 300 |
_axv, 509 p. : _bill. ; _c24 cm. |
||
| 500 | _aIncludes index. | ||
| 504 | _aBibliography: p. 476-480. | ||
| 505 | _aContents: Introduction -- Applying information economics -- Developing the strategic planning framework -- Putting it all together . | ||
| 650 | 0 |
_aBusiness _xData processing. |
|
| 650 | 0 |
_aBusiness _xCommunication systems _xData processing. |
|
| 650 | 0 | _aManagement information systems. | |
| 650 | 0 | _aInformation technology. | |
| 700 | 1 |
_aTrainor, H. Edgar, _d1943- |
|
| 700 | 1 | _aBenson, Robert J. | |
| 906 |
_a7 _bcbc _corignew _d1 _eocip _f19 _gy-gencatlg |
||
| 942 |
_2lcc _cBK |
||
| 999 |
_c1025 _d8525 |
||